| 000 | 00537nam a2200181Ia 4500 | ||
|---|---|---|---|
| 999 |
_c14604 _d14604 |
||
| 003 | OSt | ||
| 005 | 20201021101416.0 | ||
| 008 | 190216s9999||||xx |||||||||||||| ||und|| | ||
| 020 | _a9780230327832 | ||
| 040 | _coclc | ||
| 082 |
_a808.51 _bEMD/P |
||
| 100 |
_aEmden, Joan Van _95682 |
||
| 245 | 0 |
_aPresentation Skills For Students / _cJoan Van Emden ; Lucinda Becker |
|
| 260 |
_bPalgrave Macmillan , _c2009. _aNew York: |
||
| 300 | _a142p | ||
| 650 | _aEnglish | ||
| 942 |
_cBK _2ddc _h808.51 _iEMD/P _k808.51 _mEMD/P |
||